Библиография Победы

“Убежден: опыт солидарности, партнерства в годы борьбы с общей угрозой — это наше бесценное наследие, прочная опора именно сейчас, когда набирает силу необратимое движение к более справедливому многополярному миру, основанному на принципах доверия и неделимой безопасности, равных возможностей для самобытного и свободного развития всех стран и народов.”

В.В. Путин

Смотрите и слушайте новый звуковой художественный кинофильм "Антоша Рыбкин" (Запись № 24569)

Подробности
000 -МАРКЕР
контрольное поле 03171nam0a2200517 4500
001 - ИДЕНТИФИКАТОР ЗАПИСИ
контрольное поле RU\NLR\BIBL_A\012011679
005 - ИДЕНТИФИКАТОР ВЕРСИИ
контрольное поле 20250809113055.0
020 ## - НОМЕР ДОКУМЕНТА В НАЦИОНАЛЬНОЙ БИБЛИОГРАФИИ
Код страны российская федерация
Основное заглавие издания Российской книжной палаты Ленинград в Великой Отечественной войне. Коллекция. Афиши
035 ## - ДРУГИЕ СИСТЕМНЫЕ НОМЕРА
Идентификатор записи (NLR Aleph) 012011679
100 ## - ДАННЫЕ ОБЩЕЙ ОБРАБОТКИ
Данные общей обработки 20190516d1943 u y0rusy50 ca
101 0# - ЯЗЫК РЕСУРСА
Язык текста, звукозаписи и т.д. русский
102 ## - СТРАНА ПУБЛИКАЦИИ ИЛИ ПРОИЗВОДСТВА
Страна публикации российская федерация
105 ## - ПОЛЕ КОДИРОВАННЫХ ДАННЫХ: ТЕКСТОВЫЕ МАТЕРИАЛЫ, МОНОГРАФИЧЕСКИЕ
Кодированные данные о монографическом текстовом документе y z 000zy
135 ## - ПОЛЕ КОДИРОВАННЫХ ДАННЫХ: ЭЛЕКТРОННЫЕ РЕСУРСЫ
Кодированные данные для электронного ресурса crcn 024anaba
200 1# - ЗАГЛАВИЕ И СВЕДЕНИЯ ОБ ОТВЕТСТВЕННОСТИ
Основное заглавие Смотрите и слушайте новый звуковой художественный кинофильм "Антоша Рыбкин"
Сведения, относящиеся к заглавию режиссер - Константин Юдин. В главных ролях: В. Чирков, М. Ладынина, К. Сорокин [и др.]
-- производство Центральной Объединенной Кино-студии художественных фильмов - Алма-Ата. Выпуск Ленинградской Конторы "Главкинопрокат"
-- [афиша]
210 ## - ПУБЛИКАЦИЯ, РАСПРОСТРАНЕНИЕ И ДР.
Место издания, распространения и т.д. [Ленинград]
Имя издателя, распространителя и т. д. ЛТ УН-10
Дата издания, распространения и т.д. [1943]
215 ## - ФИЗИЧЕСКАЯ ХАРАКТЕРИСТИКА
Специфическое обозначение материала и объем 1 л.
Размеры 28х37
325 ## - ПРИМЕЧАНИЕ О КОПИИ
Текст примечания Копия доступна в Электрон. б-ке РНБ
517 1# - ДРУГИЕ ВАРИАНТЫ ЗАГЛАВИЯ
Вариант заглавия Антоша Рыбкин
606 1# - НАИМЕНОВАНИЕ ТЕМЫ КАК ПРЕДМЕТ
Наименование темы Театральная жизнь
Географический подзаголовок Ленинград, город
Хронологический подзаголовок 1941 - 1944
Формальный подзаголовок Афиши
Код системы nlr_sh2
Идентификатор авторитетной/нормативной записи RU\NLR\AUTH\6601649837
686 ## - ИНДЕКСЫ ДРУГИХ КЛАССИФИКАЦИЙ
Индекс Щ333(2Р=Рус)7- 692Ленинград
702 #1 - ИМЯ ЛИЦА - ВТОРИЧНАЯ ОТВЕТСТВЕННОСТЬ
Начальный элемент ввода Юдин
Часть имени, кроме начального элемента ввода К. К.
Дополнения к именам, кроме дат кинорежиссёр, сценарист
Даты 1896-1957
Расширение инициалов личного имени Константин Константинович
Идентификатор авторитетной/нормативной записи RU\NLR\AUTH\770206397
Код отношения Режиссер, Театральный режиссер
702 #1 - ИМЯ ЛИЦА - ВТОРИЧНАЯ ОТВЕТСТВЕННОСТЬ
Начальный элемент ввода Чирков
Часть имени, кроме начального элемента ввода Б. П.
Дополнения к именам, кроме дат актёр
Даты 1901-1982
Расширение инициалов личного имени Борис Петрович
Идентификатор авторитетной/нормативной записи RU\NLR\AUTH\770206400
Код отношения Актер
702 #1 - ИМЯ ЛИЦА - ВТОРИЧНАЯ ОТВЕТСТВЕННОСТЬ
Начальный элемент ввода Ладынина
Часть имени, кроме начального элемента ввода М. А.
Даты 1908-2003
Расширение инициалов личного имени Марина Алексеевна
Идентификатор авторитетной/нормативной записи RU\NLR\AUTH\770146117
Код отношения Актер
702 #1 - ИМЯ ЛИЦА - ВТОРИЧНАЯ ОТВЕТСТВЕННОСТЬ
Начальный элемент ввода Сорокин
Часть имени, кроме начального элемента ввода К. Н.
Дополнения к именам, кроме дат актёр
Даты 1908-1981
Расширение инициалов личного имени Константин Николаевич
Идентификатор авторитетной/нормативной записи RU\NLR\AUTH\770206356
Код отношения Актер
711 02 - НАИМЕНОВАНИЕ ОРГАНИЗАЦИИ - АЛЬТЕРНАТИВНАЯ ОТВЕТСТВЕННОСТЬ
Начальный элемент ввода Алма-Атинская киностудия художественных фильмов
Идентификатор авторитетной/нормативной записи RU\NLR\AUTH\880500924
711 02 - НАИМЕНОВАНИЕ ОРГАНИЗАЦИИ - АЛЬТЕРНАТИВНАЯ ОТВЕТСТВЕННОСТЬ
Начальный элемент ввода Ленинградская городская контора кинопроката
Идентификатор авторитетной/нормативной записи RU\NLR\AUTH\880358120
852 ## - МЕСТОНАХОЖДЕНИЕ И ШИФР ХРАНЕНИЯ
Идентификатор организации NLR
Шифр хранения (Call Number) Л3-330а/к/ф/1/[1943]-2
856 #0 - МЕСТОНАХОЖДЕНИЕ ЭЛЕКТРОННЫХ РЕСУРОВ И ДОСТУП К НИМ
Универсальный идентификатор ресурса (Uniform Resource Identifier) http://vivaldi.nlr.ru/ll000010864/view
856 #1 - МЕСТОНАХОЖДЕНИЕ ЭЛЕКТРОННЫХ РЕСУРОВ И ДОСТУП К НИМ
Универсальный идентификатор ресурса (Uniform Resource Identifier) http://vivaldi.nlr.ru/ll000010864/cover
856 #2 - МЕСТОНАХОЖДЕНИЕ ЭЛЕКТРОННЫХ РЕСУРОВ И ДОСТУП К НИМ
Универсальный идентификатор ресурса (Uniform Resource Identifier) http://vivaldi.nlr.ru/ll000010864/text
942 ## - ДОПОЛНИТЕЛЬНЫЕ ЭЛЕМЕНТЫ ЗАПИСИ (АБИС)
Тип экземпляра АБИС Визуальный материал
945 ## - Информацию об издании предоставили:
Полное название организации, предоставившей материал Российская национальная библиотека
980 ## - КОЛЛЕКЦИЯ
Название коллекции Национальная библиография
980 ## - КОЛЛЕКЦИЯ
Название коллекции Библиография Победы
980 3# - КОЛЛЕКЦИЯ
Название коллекции КП2019 Ленинград в Великой Отечественной войне
980 3# - КОЛЛЕКЦИЯ
Название коллекции Книжные памятники РНБ
981 37 - КОЛЛЕКЦИЯ ЭЛЕКТРОННОЙ БИБЛИОТЕКИ
Название коллекции Ленинград в Великой Отечественной войне
Название подколлекции Афиши блокадного Ленинграда

Нет доступных экземпляров.